000 00782nam a2200229 i 4500
001 120261
003 ES-MaACL
005 20250923160915.0
007 t|
008 070214s1945 sp r ||||1| spa d
100 1 _aPericot, Luis,
_d1899-1978
_991262
245 1 0 _aPolis
_b: historia universal política ; Antigüedad /
_cLuis Pericot. Medievo / Alberto del Castillo. Edad moderna / Jaime Vicens Vives.
260 _aBarcelona :
_bTeide,
_c1945.
300 _a262 p. :
_bil. ;
_c22 cm.
490 1 _aRaimundo Lulio
650 7 _aHistoria universal
_2embne
_913429
700 1 _aCastillo, Alberto del.
_936670
700 1 _aVicens Vives, Jaime,
_d1910-1960
_9114319
830 0 _aRaimundo Lulio
_9218657
852 _aES-MaACL
_jB-10433
_bR.21815
999 _c120261
_d120261